Normal view
MARC view
- Punmia B.C.
Entry Personal Name
001 - CONTROL NUMBER
- control field: 1174
003 - CONTROL NUMBER IDENTIFIER
- control field: OSt
005 - DATE AND TIME OF LATEST TRANSACTION
- control field: 20160725143610.0
008 - FIXED-LENGTH DATA ELEMENTS
- fixed length control field: 160725|| aca||aabn | a|a d
040 ## - CATALOGING SOURCE
- Original cataloging agency: OSt
- Transcribing agency: OSt
100 ## - HEADING--PERSONAL NAME
- Personal name: Punmia B.C.
670 ## - SOURCE DATA FOUND
- Source citation: Work cat.: (OSt): Punmia B.C., Comprehensive Design of Steel Structures, 2011
